Ashkāl al-taʻbīr fī al-adab al-shaʻbī, (Record no. 49900)

MARC details
000 -LEADER
fixed length control field 00670cam a22002291 4500
001 - CONTROL NUMBER
control field ne 67002045
003 - CONTROL NUMBER IDENTIFIER
control field DLC
005 - DATE AND TIME OF LATEST TRANSACTION
control field 20260227111835.0
008 - FIXED-LENGTH DATA ELEMENTS--GENERAL INFORMATION
fixed length control field 890125s1966 ua b 000 0 arar
010 ## - LIBRARY OF CONGRESS CONTROL NUMBER
LC control number ne 67002045
035 ## - SYSTEM CONTROL NUMBER
System control number (OCoLC)19062851
040 ## - CATALOGING SOURCE
Original cataloging agency DLC
Transcribing agency WaU
Modifying agency DLC
042 ## - AUTHENTICATION CODE
Authentication code premarc
043 ## - GEOGRAPHIC AREA CODE
Geographic area code f-ua---
050 00 - LIBRARY OF CONGRESS CALL NUMBER
Classification number PJ7580
Item number .I2
100 1# - MAIN ENTRY--PERSONAL NAME
Personal name Ibrāhīm, Nabīlah.
245 10 - TITLE STATEMENT
Title Ashkāl al-taʻbīr fī al-adab al-shaʻbī,
Statement of responsibility, etc. taʻlīf Nabīlah Ibrāhīm.
260 ## - PUBLICATION, DISTRIBUTION, ETC.
Place of publication, distribution, etc. al-Qāhirah,
Name of publisher, distributor, etc. Dār Nahḍah Miṣr
Date of publication, distribution, etc. [1966]
300 ## - PHYSICAL DESCRIPTION
Extent 196 p.
Dimensions 24 cm.
504 ## - BIBLIOGRAPHY, ETC. NOTE
Bibliography, etc. note Bibliographical footnotes.
650 #0 - SUBJECT ADDED ENTRY--TOPICAL TERM
Topical term or geographic name entry element Folk literature, Arabic
General subdivision History and criticism.

No items available.

Powered by Koha